Rumbo a Mozambique /
Guía para viajeros para Mozambique, cuya capital es Maputo y está ubicada en la costa oriental de Africa Oriental o Africa Austral. Incluye generalidades del país; Mozambique por provincias; Consejos prácticos y Breve vocabulario.
Na minha lista:
| Autor principal: | |
|---|---|
| Formato: | Livro |
| Idioma: | espanhol |
| Publicado em: |
Barcelona, España :
Laertes,
2008, c2007
|
| coleção: | (Rumbo a ;
68) |
| Assuntos: | |
| Tags: |
Sem tags, seja o primeiro a adicionar uma tag!
|
MARC
| LEADER | 00000nam^a2200000^a^4500 | ||
|---|---|---|---|
| 001 | 000302119 | ||
| 005 | 20250521000000.0 | ||
| 009 | 20260310112603.111 | ||
| 020 | |a 978-84-7584-610-1 | ||
| 037 | |a Acervo ITESO - Biblioteca | ||
| 041 | |a ESP | ||
| 082 | |a 916. 7904 |b AZN | ||
| 100 | |a Aznar Ferrández, José Luis |e (autor) | ||
| 245 | 1 | 0 | |a Rumbo a Mozambique / |c J.L. Aznar Ferrández. |
| 264 | 4 | |a Barcelona, España : |b Laertes, |c 2008, c2007 | |
| 300 | |a 344 p. | ||
| 336 | |a texto |b txt |2 rdacontenido | ||
| 337 | |a sin mediación |b n |2 rdamedio | ||
| 338 | |a volumen |b nc |2 rdasoporte | ||
| 440 | 1 | |a (Rumbo a ; |v 68) | |
| 520 | |a Guía para viajeros para Mozambique, cuya capital es Maputo y está ubicada en la costa oriental de Africa Oriental o Africa Austral. Incluye generalidades del país; Mozambique por provincias; Consejos prácticos y Breve vocabulario. | ||
| 649 | |a XX | ||
| 650 | |a Guías Turísticas - |x Tema Principal | ||
| 650 | |a Mozambique - |x Descripción - |x Guías Turísticas - |x Tema Principal | ||
| 650 | |a Africa Oriental - |x Descripción | ||
| 740 | 0 | |a Mozambique / |c J.L. Aznar Ferrández. | |
| 910 | |a Fondo General | ||
| 920 | |a Impresos - Libros | ||
| 930 | |a Obras de Referencia | ||
| 905 | |a 102 | ||
| 901 | |a 0500187886 |b IT2 |c REF |i C121847 |u 20250521 | ||
| 902 | |a https://opac.biblio.iteso.mx/vufind/Record/000302119 | ||